[Event "Finlux Ladies Cup 1984"]
[Site "Helsinge"]
[Date "1984.10.16"]
[Round "5"]
[White "Dahl, Ingrid"]
[Black "Berg, Tine"]
[Result "0-1"]
[WhiteElo "1905"]
[BlackElo "1900"]
[PlyCount "132"]
[EventDate "1984.10.12"]
[EventType "tourn"]
[EventRounds "9"]
[EventCountry "DEN"]
[SourceVersionDate "2020.04.14"]

1. Nf3 Nf6 2. g3 d6 3. Bg2 g6 4. O-O Bg7 5. Nc3 e5 6. e4 O-O 7. d4 Nbd7 8. h3
c6 9. a4 a5 10. Be3 h6 11. dxe5 dxe5 12. Qd2 Kh7 13. Rfd1 Qe7 14. Qd6 Re8 15.
Qxe7 Rxe7 16. Rd3 Bf8 17. Nd2 b6 18. Nc4 Ba6 19. b3 Bxc4 20. bxc4 Re6 21. Rad1
Bb4 22. Kh2 Nc5 23. Bxc5 Bxc5 24. f3 Kg7 25. h4 Ra7 26. Bh3 Ree7 27. Rd8 Rac7
28. Ne2 Re8 29. R8d3 g5 30. hxg5 hxg5 31. Rd8 Kf8 32. R8d3 Ke7 33. Kg2 Rg8 34.
Bf5 Rb8 35. Nc3 Rbb7 36. R3d2 Ne8 37. Rd3 Nd6 38. Rh1 Nxc4 39. g4 Ne3+ 40. Kg3
Rb8 41. Rh5 Rg8 42. Bh7 Rg7 43. Bf5 Nxc2 44. Rh8 Nd4 45. Rd1 Bb4 46. Na2 Bc5
47. Rdh1 Ne6 48. Rb8 Rd7 49. Rhh8 Rd8 50. Rb7+ Rd7 51. Rbb8 Kd6 52. Nc1 Be3 53.
Nb3 f6 54. Rhc8 Rc7 55. Re8 Rge7 56. Rh8 Rb7 57. Rbc8 c5 58. Rhg8 Rbc7 59. Rb8
c4 60. Na1 Kc5 61. Nc2 Bf4+ 62. Kf2 Nd4 63. Rgd8 Nxc2 64. Rd5+ Kb4 65. Rxb6+
Ka3 66. Rb1 Rb7 0-1

[Event "Finlux Ladies Cup 1984"]
[Site "Helsinge"]
[Date "1984.10.17"]
[Round "6"]
[White "Needham, Teresa"]
[Black "Dahl, Ingrid"]
[Result "1-0"]
[WhiteElo "2075"]
[BlackElo "1905"]
[PlyCount "73"]
[EventDate "1984.10.12"]
[EventType "tourn"]
[EventRounds "9"]
[EventCountry "DEN"]
[SourceVersionDate "2020.04.14"]

1. e4 d6 2. d4 Nf6 3. Nc3 g6 4. Nf3 Bg7 5. Be2 O-O 6. O-O c6 7. a4 b6 8. h3 Qc7
9. Be3 e5 10. Qd2 Re8 11. dxe5 dxe5 12. Rfd1 Nbd7 13. Bc4 Bb7 14. Bh6 Rad8 15.
Bxg7 Kxg7 16. Ng5 Rf8 17. Bxf7 Nc5 18. Qe3 h6 19. Ne6+ Nxe6 20. Bxe6 Nd7 21.
Qg3 Kh7 22. Bxd7 Rxd7 23. Rxd7+ Qxd7 24. Qxe5 Re8 25. Qf4 Qe7 26. Rd1 c5 27.
Nd5 Bxd5 28. exd5 Qd7 29. d6 Kg7 30. Rd3 Rf8 31. Qe5+ Kg8 32. Rg3 g5 33. h4 Rf5
34. Qe4 Kg7 35. hxg5 hxg5 36. f4 Kf6 37. Rxg5 1-0

[Event "Finlux Ladies Cup 1984"]
[Site "Helsinge"]
[Date "1984.10.17"]
[Round "6"]
[White "Larsen, Ingrid"]
[Black "Hund, Barbara"]
[Result "0-1"]
[WhiteElo "1895"]
[BlackElo "2270"]
[PlyCount "76"]
[EventDate "1984.10.12"]
[EventType "tourn"]
[EventRounds "9"]
[EventCountry "DEN"]
[SourceVersionDate "2020.04.14"]

1. c4 e5 2. Nc3 Nf6 3. g3 d5 4. cxd5 Nxd5 5. Bg2 Nb6 6. d3 Be7 7. Nf3 Nc6 8.
O-O O-O 9. Be3 Bg4 10. Nd2 Qd7 11. Rc1 Rad8 12. Nb3 Nd4 13. f3 Be6 14. Na5 c6
15. b3 Ba3 16. Rb1 Bb4 17. Ne4 Bxa5 18. Nc5 Qe7 19. b4 Bxb4 20. Nxb7 Qxb7 21.
Rxb4 Qe7 22. Rb2 Nd5 23. Bd2 Rb8 24. Rxb8 Rxb8 25. e3 Nb5 26. Qa1 f6 27. Rb1
Rd8 28. a4 Nbc7 29. Rb7 Qc5 30. d4 exd4 31. exd4 Qc2 32. Be1 Ne3 33. Rb2 Qc4
34. Rb4 Qa6 35. Qb1 Nxg2 36. Kxg2 Nd5 37. Rb8 Rxb8 38. Qxb8+ Kf7 0-1

[Event "Finlux Ladies Cup 1984"]
[Site "Helsinge"]
[Date "1984.10.17"]
[Round "6"]
[White "Berg, Tine"]
[Black "Borisova, Borislava"]
[Result "0-1"]
[WhiteElo "1900"]
[BlackElo "2140"]
[PlyCount "68"]
[EventDate "1984.10.12"]
[EventType "tourn"]
[EventRounds "9"]
[EventCountry "DEN"]
[SourceVersionDate "2020.04.14"]

1. Nf3 Nf6 2. g3 b6 3. Bg2 Bb7 4. O-O e6 5. d3 d5 6. e4 Be7 7. Nc3 O-O 8. Ne5
Nbd7 9. Nxd7 Qxd7 10. Re1 c5 11. e5 Ne8 12. Qg4 Kh8 13. Bf4 Nc7 14. a4 Bc6 15.
h4 a6 16. h5 h6 17. Ne2 d4 18. Bd2 Bxg2 19. Kxg2 Nd5 20. Nf4 Qc6 21. Qf3 Nb4
22. Qxc6 Nxc6 23. Nh3 b5 24. axb5 axb5 25. f4 c4 26. dxc4 bxc4 27. Nf2 Rxa1 28.
Rxa1 Rb8 29. Ra6 Nb4 30. Bxb4 Rxb4 31. Rc6 Kh7 32. Kf3 Bd8 33. Ke4 d3 34. cxd3
c3+ 0-1

[Event "Finlux Ladies Cup 1984"]
[Site "Helsinge"]
[Date "1984.10.17"]
[Round "6"]
[White "Haahr, Merete"]
[Black "Van der Mije, Alexandra"]
[Result "1/2-1/2"]
[WhiteElo "1965"]
[BlackElo "2115"]
[PlyCount "65"]
[EventDate "1984.10.12"]
[EventType "tourn"]
[EventRounds "9"]
[EventCountry "DEN"]
[SourceVersionDate "2020.04.14"]

1. c4 e5 2. d3 Nf6 3. g3 d5 4. Nf3 Nc6 5. cxd5 Nxd5 6. Bg2 Nb6 7. O-O Be7 8.
Nc3 O-O 9. Bd2 f5 10. Qc1 Kh8 11. Bg5 Nd4 12. Bxe7 Nxf3+ 13. Bxf3 Qxe7 14. Bg2
a5 15. f4 Qc5+ 16. Kh1 c6 17. fxe5 Qxe5 18. e4 Bd7 19. Qd2 fxe4 20. Nxe4 Rxf1+
21. Rxf1 Be6 22. d4 Qc7 23. a3 Nd5 24. Ng5 Bg8 25. Qd3 Qe7 26. Qf5 Ne3 27. Nf7+
Bxf7 28. Qxf7 Qxf7 29. Rxf7 Rb8 30. Be4 Kg8 31. Rf3 Nc4 32. b4 axb4 33. axb4
1/2-1/2

[Event "Finlux Ladies Cup 1984"]
[Site "Helsinge"]
[Date "1984.10.17"]
[Round "6"]
[White "Hoiberg, Nina"]
[Black "Theander, Maj"]
[Result "1-0"]
[WhiteElo "2120"]
[BlackElo "1900"]
[PlyCount "59"]
[EventDate "1984.10.12"]
[EventType "tourn"]
[EventRounds "9"]
[EventCountry "DEN"]
[SourceVersionDate "2020.04.14"]

1. e4 c6 2. Nc3 d5 3. Qf3 dxe4 4. Nxe4 Nd7 5. d4 Ngf6 6. c3 Nxe4 7. Qxe4 Nf6 8.
Qc2 e6 9. Bd3 c5 10. Nf3 a6 11. Bg5 Be7 12. dxc5 Nd5 13. Bxe7 Qxe7 14. O-O-O
Qxc5 15. Bxh7 b5 16. Be4 Bb7 17. Rhe1 O-O-O 18. h3 Qc7 19. Kb1 Kb8 20. Nd4 Rc8
21. f3 Qe7 22. Qb3 Qc5 23. a4 bxa4 24. Qxa4 Qb6 25. Qb3 Qc5 26. Nf5 Ka7 27. Ne3
Rb8 28. c4 Bc6 29. Qd3 Qb4 30. Qd4+ 1-0

[Event "Finlux Ladies Cup 1984"]
[Site "Helsinge"]
[Date "1984.10.18"]
[Round "7"]
[White "Hund, Barbara"]
[Black "Hoiberg, Nina"]
[Result "0-1"]
[WhiteElo "2270"]
[BlackElo "2120"]
[PlyCount "56"]
[EventDate "1984.10.12"]
[EventType "tourn"]
[EventRounds "9"]
[EventCountry "DEN"]
[SourceVersionDate "2020.04.14"]

1. Nf3 Nc6 2. d4 d5 3. Bf4 g6 4. c4 Nf6 5. Nc3 a6 6. Be5 dxc4 7. e4 Bg7 8. Bxc4
O-O 9. Bf4 Bg4 10. d5 Nh5 11. Be3 Ne5 12. Be2 Nxf3+ 13. Bxf3 Bxf3 14. Qxf3 Qd6
15. O-O Be5 16. h3 Qb4 17. Rab1 f5 18. exf5 Rxf5 19. Qe4 Qd6 20. Rfe1 Raf8 21.
Qd3 Qf6 22. Ne4 Qh4 23. d6 cxd6 24. Qc4+ Kh8 25. Nxd6 Nf4 26. Ne4 Nxh3+ 27.
gxh3 Qxh3 28. Qf1 Qh2# 0-1

[Event "Finlux Ladies Cup 1984"]
[Site "Helsinge"]
[Date "1984.10.18"]
[Round "7"]
[White "Borisova, Borislava"]
[Black "Needham, Teresa"]
[Result "1/2-1/2"]
[WhiteElo "2140"]
[BlackElo "2075"]
[PlyCount "84"]
[EventDate "1984.10.12"]
[EventType "tourn"]
[EventRounds "9"]
[EventCountry "DEN"]
[SourceVersionDate "2020.04.14"]

1. Nf3 Nf6 2. g3 d6 3. d4 c6 4. Bg2 Nbd7 5. O-O e5 6. c4 Be7 7. Nc3 a5 8. b3
O-O 9. Qc2 Qc7 10. h3 Rb8 11. c5 exd4 12. cxd6 Bxd6 13. Nxd4 Qb6 14. Be3 Qc7
15. Rad1 Re8 16. Nf5 Be5 17. f4 Bxc3 18. Qxc3 Nf8 19. Nd6 Re6 20. Nf5 Re8 21.
Nh4 Ne4 22. Bxe4 Rxe4 23. Rd4 Qe7 24. Rxe4 Qxe4 25. f5 Nd7 26. Bd4 f6 27. Qc4+
Qd5 28. Qxd5+ cxd5 29. Nf3 b6 30. Rc1 Ba6 31. e3 Rc8 32. Rxc8+ Bxc8 33. Kf2 Nc5
34. g4 Ba6 35. Ne1 Kf7 36. Kf3 Ke7 37. h4 h6 38. g5 hxg5 39. hxg5 Nd7 40. gxf6+
gxf6 41. Kf4 Kd6 42. Nf3 Bd3 1/2-1/2

[Event "Finlux Ladies Cup 1984"]
[Site "Helsinge"]
[Date "1984.10.18"]
[Round "7"]
[White "Van der Mije, Alexandra"]
[Black "Berg, Tine"]
[Result "0-1"]
[WhiteElo "2115"]
[BlackElo "1900"]
[PlyCount "74"]
[EventDate "1984.10.12"]
[EventType "tourn"]
[EventRounds "9"]
[EventCountry "DEN"]
[SourceVersionDate "2020.04.14"]

1. e4 e6 2. d4 d5 3. e5 c5 4. c3 Nc6 5. Nf3 f6 6. Bd3 cxd4 7. cxd4 Bd7 8. O-O
Qb6 9. Nc3 fxe5 10. dxe5 Be7 11. a3 Nh6 12. Bxh6 gxh6 13. b4 O-O 14. b5 Na5 15.
Qd2 Rf7 16. Qxh6 Raf8 17. Na4 Qd8 18. h4 Rg7 19. Ng5 Bxg5 20. hxg5 Nb3 21. Rab1
Nd2 22. g6 Nxb1 23. gxh7+ Kh8 24. Rxb1 Qc7 25. Qe3 b6 26. Rb4 Be8 27. Nb2 Bg6
28. Bxg6 Rxg6 29. Nd3 Qg7 30. g3 Rh6 31. Kf1 Qxh7 32. Ke2 Kg8 33. Rg4+ Kf7 34.
Qf4+ Ke8 35. Qb4 Qc7 36. Nf4 Qc2+ 37. Ke3 Qc1+ 0-1

[Event "Finlux Ladies Cup 1984"]
[Site "Helsinge"]
[Date "1984.10.18"]
[Round "7"]
[White "Dahl, Ingrid"]
[Black "Larsen, Ingrid"]
[Result "1-0"]
[WhiteElo "1905"]
[BlackElo "1895"]
[PlyCount "40"]
[EventDate "1984.10.12"]
[EventType "tourn"]
[EventRounds "9"]
[EventCountry "DEN"]
[SourceVersionDate "2020.04.14"]

1. Nf3 d5 2. g3 c5 3. Bg2 Nc6 4. d4 e6 5. O-O Nf6 6. e3 Qb6 7. c3 Bd7 8. Nbd2
cxd4 9. exd4 Bd6 10. Re1 O-O 11. Qe2 Qc7 12. Ne5 Nxe5 13. dxe5 Bxe5 14. Qxe5
Qxe5 15. Rxe5 Bc6 16. Re1 Nd7 17. Nf3 Nc5 18. Be3 Nd3 19. Re2 Bb5 20. Rd2 b6
1-0

[Event "Finlux Ladies Cup 1984"]
[Site "Helsinge"]
[Date "1984.10.18"]
[Round "7"]
[White "Theander, Maj"]
[Black "Haahr, Merete"]
[Result "1-0"]
[WhiteElo "1900"]
[BlackElo "1965"]
[PlyCount "117"]
[EventDate "1984.10.12"]
[EventType "tourn"]
[EventRounds "9"]
[EventCountry "DEN"]
[SourceVersionDate "2020.04.14"]

1. d4 Nf6 2. Bg5 c6 3. c3 Ne4 4. Bf4 Qb6 5. Qc2 d5 6. f3 Nf6 7. Nd2 Nbd7 8. e4
e6 9. Ne2 Nh5 10. Be3 g6 11. Nf4 Nxf4 12. Bxf4 f6 13. Qb3 Qxb3 14. Nxb3 e5 15.
dxe5 Nxe5 16. exd5 cxd5 17. O-O-O Be6 18. Bb5+ Kf7 19. Nd4 a6 20. Ba4 Bd7 21.
Bb3 Nc4 22. Nc2 Bc6 23. Ne3 Nxe3 24. Bxe3 Rd8 25. Rd3 Be7 26. Rhd1 Ke6 27. Bb6
Rd7 28. c4 Rc8 29. Kb1 d4 30. Rxd4 Rxd4 31. Rxd4 Ke5 32. h3 f5 33. Rd2 Bb4 34.
Re2+ Kf6 35. Bd4+ Kg5 36. a3 Bd6 37. Re6 Bf4 38. Bf2 Re8 39. Rxe8 Bxe8 40. Bc2
Be5 41. b4 Bd6 42. Kb2 Kf4 43. Bd3 Ba4 44. Bc2 Bc6 45. Kb3 b5 46. a4 bxa4+ 47.
Ka3 a5 48. c5 axb4+ 49. Kxb4 Bc7 50. Bxa4 Bd5 51. c6 Ke5 52. Kb5 f4 53. Bb6 Kd6
54. Bc5+ Ke5 55. Ka6 Bc4+ 56. Bb5 Be6 57. Kb7 Kd5 58. Be7 Be5 59. c7 1-0

[Event "Finlux Ladies Cup 1984"]
[Site "Helsinge"]
[Date "1984.10.19"]
[Round "8"]
[White "Dahl, Ingrid"]
[Black "Borisova, Borislava"]
[Result "1/2-1/2"]
[WhiteElo "1905"]
[BlackElo "2140"]
[PlyCount "79"]
[EventDate "1984.10.12"]
[EventType "tourn"]
[EventRounds "9"]
[EventCountry "DEN"]
[SourceVersionDate "2020.04.14"]

1. e4 e6 2. d4 d5 3. exd5 exd5 4. Bd3 Bd6 5. Ne2 Qh4 6. Be3 Bg4 7. Qc1 Nc6 8.
Bg5 Qh5 9. f3 f6 10. Bf4 Bd7 11. Bxd6 cxd6 12. Qf4 Qg5 13. Qxg5 fxg5 14. c3 Nf6
15. Nd2 Rc8 16. Ng3 O-O 17. O-O g6 18. Bb5 a6 19. Bxc6 bxc6 20. Rfe1 Kf7 21.
Re3 Rfe8 22. Rae1 Rb8 23. Rxe8 Nxe8 24. b4 Nc7 25. Nb3 Ne6 26. Rd1 Nf4 27. Re1
h5 28. Nh1 Bf5 29. g3 Ne6 30. Nf2 Bc2 31. Re2 Bxb3 32. axb3 c5 33. dxc5 dxc5
34. Nd3 cxb4 35. Nxb4 Nc7 36. Nc6 Re8 37. Rxe8 Kxe8 38. Kf2 Nb5 39. Nb4 Nxc3
40. Nxa6 1/2-1/2

[Event "Finlux Ladies Cup 1984"]
[Site "Helsinge"]
[Date "1984.10.19"]
[Round "8"]
[White "Haahr, Merete"]
[Black "Hund, Barbara"]
[Result "0-1"]
[WhiteElo "1965"]
[BlackElo "2270"]
[PlyCount "82"]
[EventDate "1984.10.12"]
[EventType "tourn"]
[EventRounds "9"]
[EventCountry "DEN"]
[SourceVersionDate "2020.04.14"]

1. g3 d5 2. Nf3 Nf6 3. c4 c6 4. Bg2 Bf5 5. Qb3 Qb6 6. Qxb6 axb6 7. cxd5 Nxd5 8.
Nd4 Bxb1 9. Bxd5 cxd5 10. Rxb1 Rxa2 11. d3 e6 12. Bd2 Be7 13. Bc3 O-O 14. O-O
Nc6 15. Ra1 Rfa8 16. Rxa2 Rxa2 17. Rc1 h6 18. Nc2 b5 19. Ra1 Ra6 20. b3 b4 21.
Bd2 Rxa1+ 22. Nxa1 Bf6 23. Nc2 Na5 24. Bxb4 Nxb3 25. Kf1 Nd4 26. Na3 h5 27. h3
Bd8 28. Bc3 Be7 29. Bxd4 Bxa3 30. Ke1 Bb4+ 31. Kd1 f6 32. f3 Kf7 33. g4 hxg4
34. hxg4 f5 35. Be5 fxg4 36. fxg4 Kg6 37. e3 Be7 38. Ke2 b5 39. Bb2 Bf6 40. d4
Be7 41. Kf3 b4 0-1

[Event "Finlux Ladies Cup 1984"]
[Site "Helsinge"]
[Date "1984.10.19"]
[Round "8"]
[White "Needham, Teresa"]
[Black "Van der Mije, Alexandra"]
[Result "1/2-1/2"]
[WhiteElo "2075"]
[BlackElo "2115"]
[PlyCount "79"]
[EventDate "1984.10.12"]
[EventType "tourn"]
[EventRounds "9"]
[EventCountry "DEN"]
[SourceVersionDate "2020.04.14"]

1. e4 e5 2. Nf3 Nc6 3. Bb5 a6 4. Bxc6 dxc6 5. O-O f6 6. d4 exd4 7. Nxd4 c5 8.
Nb3 Qxd1 9. Rxd1 Bg4 10. f3 Be6 11. Be3 b6 12. Nc3 Bd6 13. Nd5 O-O-O 14. Nc1 c6
15. Nxb6+ Kc7 16. e5 fxe5 17. Na4 e4 18. Nb3 exf3 19. gxf3 Nf6 20. Nbxc5 Bxc5
21. Nxc5 Rxd1+ 22. Rxd1 Bc8 23. Rd4 Re8 24. Bf4+ Kb6 25. Na4+ Ka7 26. Kf2 Nd5
27. c4 Nxf4 28. Rxf4 Re7 29. Nc3 g6 30. Re4 Rb7 31. b3 Bf5 32. Re5 Rd7 33. Re2
h5 34. Ne4 Kb6 35. Rd2 Re7 36. Ng3 Bb1 37. h4 Kc5 38. Rb2 Bd3 39. a3 Kd4 40.
Ne4 1/2-1/2

[Event "Finlux Ladies Cup 1984"]
[Site "Helsinge"]
[Date "1984.10.19"]
[Round "8"]
[White "Berg, Tine"]
[Black "Theander, Maj"]
[Result "1-0"]
[WhiteElo "1900"]
[BlackElo "1900"]
[PlyCount "57"]
[EventDate "1984.10.12"]
[EventType "tourn"]
[EventRounds "9"]
[EventCountry "DEN"]
[SourceVersionDate "2020.04.14"]

1. e4 c6 2. d4 d5 3. exd5 cxd5 4. Bd3 Nf6 5. c3 Nc6 6. Bf4 Bg4 7. Qb3 Qd7 8.
Nd2 e6 9. Ngf3 Na5 10. Qc2 Bxf3 11. Nxf3 Bd6 12. Ne5 Qc7 13. Qe2 Nc6 14. O-O
O-O 15. Rae1 Rfe8 16. Bg5 Be7 17. f4 g6 18. g4 Nd7 19. Nxf7 Kxf7 20. Qxe6+ Kg7
21. Qxd5 Nf6 22. Bxf6+ Bxf6 23. g5 Be7 24. Qf3 Bd6 25. f5 Rf8 26. Qh3 gxf5 27.
Qh6+ Kg8 28. Bxf5 Qg7 29. Qxd6 1-0

[Event "Finlux Ladies Cup 1984"]
[Site "Helsinge"]
[Date "1984.10.20"]
[Round "8"]
[White "Larsen, Ingrid"]
[Black "Hoiberg, Nina"]
[Result "0-1"]
[WhiteElo "1895"]
[BlackElo "2120"]
[PlyCount "64"]
[EventDate "1984.10.12"]
[EventType "tourn"]
[EventRounds "9"]
[EventCountry "DEN"]
[SourceVersionDate "2020.04.14"]

1. c4 Nf6 2. Nc3 e5 3. Nf3 Nc6 4. d3 Be7 5. g3 O-O 6. Bg2 d6 7. Bg5 h6 8. Bxf6
Bxf6 9. Nd5 e4 10. dxe4 Bxb2 11. Rb1 Ba3 12. Qd3 Bc5 13. e3 Ne5 14. Qb3 c6 15.
Nxe5 dxe5 16. Nc3 Be6 17. O-O b5 18. Rfd1 Qe7 19. Rd2 Bxc4 20. Qc2 Rad8 21.
Rbd1 Bb6 22. Bh3 Rxd2 23. Rxd2 Rd8 24. Rxd8+ Qxd8 25. Bf1 Be6 26. a4 b4 27. Nb1
b3 28. Qd3 Qxd3 29. Bxd3 c5 30. Nc3 c4 31. Bb1 Ba5 32. Nd5 Bxd5 0-1

[Event "Finlux Ladies Cup 1984"]
[Site "Helsinge"]
[Date "1984.10.20"]
[Round "9"]
[White "Hund, Barbara"]
[Black "Berg, Tine"]
[Result "1/2-1/2"]
[WhiteElo "2270"]
[BlackElo "1900"]
[PlyCount "20"]
[EventDate "1984.10.12"]
[EventType "tourn"]
[EventRounds "9"]
[EventCountry "DEN"]
[SourceVersionDate "2020.04.14"]

1. Nf3 Nf6 2. b3 g6 3. Bb2 Bg7 4. e3 d6 5. d4 c6 6. Be2 O-O 7. O-O Bg4 8. h3
Bxf3 9. Bxf3 Nbd7 10. c4 e5 1/2-1/2

[Event "Finlux Ladies Cup 1984"]
[Site "Helsinge"]
[Date "1984.10.21"]
[Round "9"]
[White "Borisova, Borislava"]
[Black "Larsen, Ingrid"]
[Result "1-0"]
[WhiteElo "2140"]
[BlackElo "1895"]
[PlyCount "56"]
[EventDate "1984.10.12"]
[EventType "tourn"]
[EventRounds "9"]
[EventCountry "DEN"]
[SourceVersionDate "2020.04.14"]

1. Nf3 Nf6 2. g3 d5 3. c4 c6 4. Qc2 g6 5. Bg2 Bf5 6. d3 Bg7 7. O-O O-O 8. Bf4
Qc8 9. cxd5 cxd5 10. Qb3 Be6 11. Nd4 Nbd7 12. Rc1 Nc5 13. Qa3 Nfd7 14. Be3 b6
15. b4 Qa6 16. bxc5 Qxa3 17. Nxa3 bxc5 18. Nxe6 fxe6 19. Rab1 Rab8 20. Nc2 Bb2
21. Rd1 d4 22. Bc1 Bc3 23. Ba3 Rb6 24. Rxb6 axb6 25. Rb1 Ba5 26. Bc1 Ne5 27.
Bf4 Nd7 28. Na3 Ra8 1-0

[Event "Finlux Ladies Cup 1984"]
[Site "Helsinge"]
[Date "1984.10.21"]
[Round "9"]
[White "Van der Mije, Alexandra"]
[Black "Dahl, Ingrid"]
[Result "1/2-1/2"]
[WhiteElo "2115"]
[BlackElo "1905"]
[PlyCount "80"]
[EventDate "1984.10.12"]
[EventType "tourn"]
[EventRounds "9"]
[EventCountry "DEN"]
[SourceVersionDate "2020.04.14"]

1. e4 c6 2. d4 d5 3. Nd2 dxe4 4. Nxe4 Nd7 5. Nf3 Ngf6 6. Ng3 e6 7. Bd3 c5 8.
Qe2 cxd4 9. Nxd4 Bc5 10. Nb3 Be7 11. O-O O-O 12. c4 b6 13. Rd1 Bb7 14. Bg5 Qc7
15. Rac1 Nc5 16. Nxc5 Qxc5 17. Be3 Qc6 18. f3 Rfd8 19. Ne4 Nxe4 20. Bxe4 Qc7
21. Bxb7 Qxb7 22. Bf4 Rac8 23. Kf1 Qc6 24. b3 f6 25. Qe4 Qxe4 26. fxe4 Kf7 27.
Ke2 Ke8 28. Be3 Rxd1 29. Rxd1 Bc5 30. Bxc5 Rxc5 31. Kd3 Kd7 32. Kc3+ Kc7 33. b4
Re5 34. Kd4 Kd6 35. h4 Rh5 36. Rh1 Rh6 37. g4 Rg6 38. Rg1 h5 39. g5 e5+ 40. Ke3
fxg5 1/2-1/2

[Event "Finlux Ladies Cup 1984"]
[Site "Helsinge"]
[Date "1984.10.21"]
[Round "9"]
[White "Hoiberg, Nina"]
[Black "Haahr, Merete"]
[Result "1-0"]
[WhiteElo "2120"]
[BlackElo "1965"]
[PlyCount "101"]
[EventDate "1984.10.12"]
[EventType "tourn"]
[EventRounds "9"]
[EventCountry "DEN"]
[SourceVersionDate "2020.04.14"]

1. e4 c5 2. Nf3 d6 3. d4 Nf6 4. Nc3 cxd4 5. Qxd4 Nc6 6. Bb5 Bd7 7. Bxc6 Bxc6 8.
Bg5 Qb6 9. Qd3 e6 10. Be3 Qa5 11. O-O Be7 12. h3 O-O 13. Nd4 d5 14. e5 Nd7 15.
f4 Rac8 16. Rf3 Qd8 17. h4 Nc5 18. Qe2 Ne4 19. Nxe4 dxe4 20. Rg3 Bd5 21. Qg4 g6
22. h5 Kh8 23. hxg6 fxg6 24. Rh3 Qe8 25. Nxe6 Bxe6 26. Qxe6 Rxf4 27. Qd5 Rf5
28. Qxe4 Qc6 29. Qxc6 Rxc6 30. c3 Rxe5 31. Bxa7 b6 32. b4 Bd6 33. Rd1 Re7 34.
Bb8 Bxb8 35. Rd8+ Kg7 36. Rxb8 Ra7 37. b5 Rf6 38. c4 h5 39. Rf3 Re6 40. a3 Rc7
41. Rc3 Rc5 42. a4 Re1+ 43. Kh2 Ra1 44. Rxb6 Rxa4 45. Rg3 g5 46. Rd3 Raxc4 47.
Rd7+ Kg8 48. Rb8+ Rc8 49. Rxc8+ Rxc8 50. b6 Kf8 51. b7 1-0